00493nam a2200193 a 4500001001300000003000900013005001700022008004100039020002300080082002100103100001600124245002900140260003100169300000900200500003500209505001000244650002900254700001600283nice12345678IN_TiNIC20260116013338.0050524s1999 dela grp 000 0 eng  a8186962 c22500a305.6945097bMIL aMiller, Don aNeighbours and Strangers aDelhi bRainbow Pub c1999 a184p aincludes index and biblioraphy2 aIndex aIslam-Relations Hinduism1 aMiller, Don